| 000 | 00422nam a2200181Ia 4500 | ||
|---|---|---|---|
| 003 | 0100 | ||
| 008 | 130227s9999 xx 000 0 und d | ||
| 040 | _cARRUPELIB | ||
| 050 | _aHD82.S439 1984 | ||
| 100 | _aSen, Amartya | ||
| 245 | _aResources, values and development | ||
| 260 | _aCambridge | ||
| 260 | _bHarvard University Press | ||
| 260 | _C1984 | ||
| 300 | _aviii | ||
| 300 | _b 547p. 23cm. | ||
| 942 |
_2lcc _01 |
||
| 999 |
_c6119 _d6119 |
||